00647nam a2200205Ia 450000500170000000800410001704000190005804100120007708200150008910000200010424500610012426000340018530000170021950400440023665000250028085000100030594200070031599900170032295201020033920260523120458.0131103s9999 xx 000 0 und d aLoreto College aEnglish a808.3bGRA aGraham, Kenneth aEnglish criticism of the novel 1865-1900cKenneth Graham aOxfordbClarendon pressc1965 aviii,148 p.  aIncludes list of periodicals and index aLiterature - Fiction aLCLIB cBK c20918d71397 00102ddc4070aMAINbMAINd2013-11-04l0o808.3 GRA 13815pB22936r2013-11-04w2013-11-04yBKf